Géographie en A - Statistiques

Statistiques générales
  • Ce quiz a été pris 418 fois
  • Le résultat moyen est 12 sur 20
Statistiques - réponses
Description Réponse % Correct
Plus grande forêt du Monde Amazonie
97%
Région du Sud de l'Espagne Andalousie
92%
Petit pays d'Europe dont la capitale est la haute d'Europe Andorre
91%
Chaine de montagnes ayant le mont blanc comme point culminant Alpes
90%
Mer qui borde l'Italie, la Croatie ou encore l'Albanie Mer Adriatique
77%
Ville de naissance de Napoléon Ajaccio
76%
État des États-Unis célèbre pour son grand Canyon Arizona
76%
Plus grand pays sans frontières Australie
74%
Ville connue pour ses pruneaux Agen
70%
Chef lieu de département du Pas-de-Calais Arras
63%
Ancienne capitale de l'Égypte Alexandrie
60%
La Venise des Alpes Annecy
60%
Capitale du Kazakhstan Astana
55%
Département frontalier à l'Espagne Arriège
49%
Sous-préfecture des Bouches-du-Rhône Aix-en-Provence
42%
Monument construit pour célébrer la bataille d'Austerlitz Arc de Triomphe
42%
Ville française ayant la plus grande superficie Arles
35%
Ville surnomée la ville noire Angers
28%
Colline sacrée du Sud de l'Europe Acropole
16%
Plus grande mer du monde Mer d'Arabie
10%
Aucun quiz correspondant
Distribution des résultats
% des personnes avec chaque résultat
Percentile par nombre de réponses
Votre historique - résultats
Vous n’avez pas pris ce quiz